000 00694cab a2200253 4500
001 X3356
008 090401t1996 xxu||||| |||| 00| 0 eng d
035 _a(Sirsi) u29945
041 _aeng
100 _aAntwi, A.
245 _aUrban land development in Ghana
260 _c1996
350 _a0
490 _aCSM (Chartered Surveyor Monthly)
_v5(5) February 1996, 49(1)
520 _aSummarises research into the Ghanan land culture including its customary landholding systems.
650 _aGHANA
650 _aLAND LAW
650 _aLAND TENURE
650 _aURBAN DEVELOPMENT
690 _aLAND
690 _aOVERSEAS-REST OF THE WORLD
942 _n0
948 _c04/03/1997
999 _c20145
_d20145